Massive Pictures Quiz #9 (écrivains) - Statistiques

Statistiques générales
  • Ce quiz a été pris 108 fois
  • Le résultat moyen est 25 sur 58
Statistiques - réponses
Par images Réponse % Correct
Victor Hugo
99%
Arthur Rimbaud
83%
Honoré de Balzac
82%
Amélie Nothomb
78%
Jean Paul Sartre
78%
Molière
78%
Albert Camus
75%
Gustave Flaubert
73%
Charles Baudelaire
69%
Shakespeare
62%
J.K Rowling
61%
Oscar Wilde
61%
Voltaire
61%
Georges Sand
58%
François René de Chateaubriand
57%
Marcel Proust
57%
Jules Verne
53%
Alexandre Dumas
52%
Guy De Maupassant
52%
Boris Vian
49%
Agatha Christie
47%
Dostoïevski
47%
Stendhal
47%
Jean De La Fontaine
45%
Stephen King
45%
Alfred de Musset
43%
Denis Diderot
42%
François Rabelais
42%
Guillaume Musso
42%
Émile Zola
40%
Franz Kafka
39%
Guillaume Apollinaire
39%
Michel de Montaigne
39%
Pierre Corneille
39%
Louis Ferdinand Céline
38%
Marc Levy
38%
George Orwell
35%
Jean Racine
34%
Paul Verlaine
34%
André Malraux
31%
Jean Cocteau
31%
Charles Dickens
29%
J.R.R Tolkien
27%
André Gide
22%
Antoine de Saint-Exupéry
22%
Jane Austen
22%
John Steinbeck
22%
Georges Simenon
21%
Marcel Pagnol
19%
Pierre de Marivaux
19%
Alphonse Daudet
18%
Joachim du Bellay
18%
Arthur Conan Doyle
17%
Jack London
16%
Jean Anouilh
16%
Franck Thilliez
14%
Ernest Hemingway
13%
Dan Brown
12%
Aucun quiz correspondant
Distribution des résultats
% des personnes avec chaque résultat
Percentile par nombre de réponses
Votre historique - résultats
Vous n’avez pas pris ce quiz